[Event "HCL-C4010"]
[Site "www.playchess.de"]
[Date "2006.03.01"]
[Round "2"]
[White "JULIUS"]
[Black "boya1"]
[WhiteElo "613"]
[BlackElo "800"]
[PlyCount "69"]
[Result "1-0"]

1.e4 e5 {play please}  2.Nf3 {are you hurry ????}  
Nc6 3.Bb5 Nd4 4.Nxd4 exd4 5.d3 Bb4+ 6.Bd2 Bd6 
7.Qg4 g6 8.O-O Nf6 9.Qg5 Nh5 10.Qh6 Qh4 11.g3 Qf6 
12.Bg5 Qe5 13.Bc4 Bf8 14.Bf4 Qc5 15.Qg5 Be7 
16.Qxc5 Bxc5 17.Bxc7 O-O 18.Nd2 d6 19.Nb3 Bh3 
20.Rfe1 a6 21.Nxc5 dxc5 22.Bd6 Rfe8 23.Bxc5 Nf6 
24.e5 Nd7 25.Bxd4 b5 26.Bd5 Rac8 27.Rac1 Rcd8 
28.Bb7 Re7 29.Bxa6 Nb8 30.Bxb5 Rxd4 31.Re4 Rxe4 
32.dxe4 Rxe5 33.Bd3 Nd7 34.Re1 Be6 
35.b3 1-0

[Event "HCL-M874"]
[Site "www.playchess.de"]
[Date "2006.03.01"]
[Round "4"]
[White "ragno"]
[Black "SABU"]
[WhiteElo "2314"]
[BlackElo "2051"]
[PlyCount "117"]
[Result "1-0"]

1.e4 {Hi, good look from Italy}  c6 2.d4 d5 {Hi 
from Canary Islands}  3.Nd2 dxe4 4.Nxe4 Bf5 5.Nc5 
b6 6.Nb3 e6 7.Nf3 Nf6 8.g3 Nbd7 9.Bg2 Bd6 10.O-O 
O-O 11.Qe2 Qc7 12.Re1 a5 13.c3 Rfe8 14.Ne5 Nd5 
15.a4 h6 16.Bd2 Rac8 17.c4 Nb4 18.Nxd7 Qxd7 19.c5 
bxc5 20.dxc5 Be7 21.Bxb4 axb4 22.Na5 Bd3 23.Qd2 
Red8 24.Qxb4 Bf5 25.Qc4 Bf6 26.Qe2 Bd4 27.Rac1 Bd3 
28.Qd2 e5 29.b4 f5 30.Kh1 e4 31.Nc4 Bxc4 32.Rxc4 
Qd5 33.Rec1 Bf6 34.Qxd5+ cxd5 35.R4c2 d4 36.R2c4 
Kf7 37.h4 g6 38.h5 gxh5 39.Bh3 Ke6 40.c6 Be5 
41.Re1 Kf6 42.b5 Bc7 43.Rc5 d3 44.Rxf5+ Kg6 45.Rc5 
Rca8 46.Rc4 Rdf8 47.Rd4 Rad8 48.Rxd8 Bxd8 49.Rxe4 
Bb6 50.Re6+ Rf6 51.Rxf6+ Kxf6 52.Bf1 h4 53.gxh4 d2 
54.Be2 Ke5 55.Kg2 Bd8 56.Kf3 Kd6 57.Kg4 Bf6 58.Kh5 
Bd8 59.f4 {The game is clearly lost for you. Do 
you prefer to suffer for this end?} 
 1-0

[Event "HCL-E1465"]
[Site "www.playchess.de"]
[Date "2006.03.01"]
[Round "6"]
[White "Bill"]
[Black "Jure"]
[WhiteElo "1682"]
[BlackElo "1618"]
[PlyCount "100"]
[Result "1/2-1/2"]

1.e4 c5 2.Nf3 Nc6 3.Bb5 e6 4.O-O Nge7 5.c3 a6 
6.Ba4 b5 7.Bc2 Ng6 8.d4 Qc7 9.e5 Bb7 10.Ng5 Be7 
11.g3 O-O 12.Be4 Bxg5 13.Bxg5 c4 14.Nd2 Nce7 
15.Bxe7 Nxe7 16.Qh5 Bxe4 17.Nxe4 Nf5 18.Ng5 h6 
19.Ne4 d5 20.exd6 Nxd6 21.Rfe1 Rad8 22.Qe5 Qc6 
23.f3 Nf5 24.Qc5 Qb7 25.Rad1 Rd5 26.Qa3 Qb6 27.Nc5 
a5 28.b4 cxb3 29.Nxb3 b4 30.cxb4 axb4 31.Qb2 Rfd8 
32.Kh1 Nxd4 33.Qf2 Qd6 34.Rxd4 Rxd4 35.Nxd4 Qxd4 
36.Qxd4 Rxd4 37.Rb1 Kf8 38.Kg1 Ke7 39.Kf1 Rd2 
40.Rxb4 Rxa2 41.Rb7+ Kf6 42.h4 Kg6 43.Kg1 Kf6 
44.Kf1 g5 45.hxg5+ hxg5 46.Rc7 Kg6 47.Ke1 f6 
48.Rc6 Kf5 49.Rc5+ e5 50.Rc6 Rb2 {(offering draw)} 
 1/2-1/2

[Event "HCL-M885"]
[Site "www.playchess.de"]
[Date "2006.03.01"]
[Round "3"]
[White "temple"]
[Black "PamperedPawn"]
[WhiteElo "1731"]
[BlackElo "2369"]
[PlyCount "48"]
[Result "0-1"]

1.d4 {Hello,gl.}  d5 {Hello again.}  2.Nf3 Nf6 
3.c4 e6 4.e3 Bd6 5.c5 Be7 6.Nc3 b6 7.cxb6 axb6 
8.Bd3 O-O 9.O-O c5 10.b3 Ba6 11.Bb2 Bxd3 12.Qxd3 
Nc6 13.h3 Qb8 14.a3 Qb7 15.Rfe1 Na5 16.Qb5 Qd7 
17.Nd2 Qxb5 18.Nxb5 Ne4 19.Nxe4 dxe4 20.dxc5 Nxb3 
21.Ra2 Nxc5 22.Bd4 Nd3 23.Rb1 Rfb8 24.Be5 
Nxe5 0-1

[Event "HCL-C3994"]
[Site "www.playchess.de"]
[Date "2006.03.01"]
[Round "10"]
[White "herrDokter"]
[Black "Roger_K"]
[WhiteElo "912"]
[BlackElo "1132"]
[PlyCount "101"]
[Result "1-0"]

1.e4 {good luck}  e5 {And the same  to you}  2.Nf3 
Nc6 3.Bc4 Bc5 4.O-O Nf6 5.Nc3 O-O 6.b3 d6 7.d3 Bg4 
8.Bb2 Nd4 9.a3 a6 10.b4 Bxf3 11.gxf3 Nh5 12.Nd5 
Qg5+ 13.Kh1 Qf4 14.Nxf4 Nxf4 15.Rg1 Nh3 16.Rg2 Ba7 
17.Qd2 Nxf3 18.Qh6 Nxf2+ 19.Rxf2 {Oh noooooooooooo 
didn't see that nice move!}  gxh6 20.Rxf3 Bd4 
21.Bxd4 exd4 22.Rg1+ Kh8 23.Rh3 Rfg8 24.Rf1 Rg6 
25.Rxf7 b5 26.Bd5 Rag8 27.Rf1 Re8 28.Rf7 Rg7 
29.Rf6 Rg6 30.Rxg6 hxg6 31.Rxh6+ Kg7 32.Rh3 Rf8 
33.e5 dxe5 34.Be4 Rf2 35.Rg3 Rxc2 36.Rxg6+ Kf7 
37.Rxa6 c5 38.Bd5+ Ke7 39.Rb6 c4 40.dxc4 bxc4 
41.Re6+ Kd7 42.b5 d3 43.b6 d2 44.Bf3 Rb2 45.Rxe5 
Rxb6 46.Rd5+ Kc7 47.Rxd2 Rb3 48.Bd5 Rb1+ 49.Kg2 c3 
50.Rc2 Rb2 51.Rxb2 1-0

[Event "ACL-A655"]
[Site "www.playchess.de"]
[Date "2006.03.01"]
[Round "3"]
[White "miki75"]
[Black "Kimura"]
[WhiteElo "1500"]
[BlackElo "1856"]
[PlyCount "56"]
[Result "0-1"]

1.e3 Nf6 2.Qf3 d5 3.Nc3 e5 4.Nh3 Nc6 5.Bb5 e4 
6.Qg3 Bd6 7.f4 exf3 8.Qxf3 Bg4 9.Qf2 O-O 10.O-O 
Bxh3 11.gxh3 Nb4 12.d4 c6 13.Bd3 Nxd3 14.Qf3 Nxc1 
15.Raxc1 Qe7 16.Rce1 Ne4 17.Re2 Ng5 18.Qg4 f5 
19.Rxf5 Rxf5 20.Rg2 Raf8 21.Kh1 R5f1+ 22.Rg1 Rxg1+ 
23.Qxg1 Nxh3 24.Qg2 Qh4 25.Ne2 Qe1+ 26.Ng1 Nf2+ 
27.Qxf2 Qxf2 28.c4 Qxh2+ 0-1

[Event "HCL-A2602"]
[Site "www.playchess.de"]
[Date "2006.03.01"]
[Round "17"]
[White "Wernswig"]
[Black "RUDI"]
[WhiteElo "1362"]
[BlackElo "1247"]
[PlyCount "53"]
[Result "1-0"]

1.e4 {hallo, auch hier viel spaß}  e5 {ja, hallo, 
ebenfalls}  2.f4 Nc6 3.Nf3 exf4 4.Bc4 d6 5.d4 Bd7 
6.Bxf4 g6 7.O-O Bg7 8.c3 Bg4 9.Qe1 Qd7 10.Nbd2 
Nge7 11.Qg3 Bxf3 12.Qxf3 f5 13.Rad1 O-O-O 14.e5 
dxe5 15.dxe5 Bxe5 16.Nb3 Qe8 17.Be6+ Kb8 18.Nc5 
Bxf4 19.Qxf4 Rxd1 20.Rxd1 h5 21.Rd7 Ka8 22.Qxc7 
Qb8 23.Qxb7+ Qxb7 24.Rxb7 Rd8 25.Rb3 Rd6 26.Na6 
Rd8 27.Nc7+ 1-0

[Event "HCL-E1574"]
[Site "www.playchess.de"]
[Date "2006.03.01"]
[Round "18"]
[White "ippuli"]
[Black "golddim"]
[WhiteElo "1608"]
[BlackElo "1469"]
[PlyCount "72"]
[Result "0-1"]

1.e4 {Hello! Good luck...}  c6 {Thanks. Good 
luck...}  2.d4 d5 3.e5 Bf5 4.Nf3 e6 5.Bd3 Bxd3 
6.Qxd3 Qb6 7.O-O Nd7 8.Nc3 c5 9.b3 cxd4 10.Na4 Qc7 
11.Re1 Ne7 12.Nxd4 Nc6 13.Nxc6 bxc6 14.f4 Be7 
15.Re3 Nc5 16.Qc3 Nxa4 17.bxa4 Qb6 18.Kh1 
{Ohhoh...}  d4 19.a5 Qb5 20.Qe1 dxe3 21.Bxe3 O-O 
22.Rb1 Qc4 23.Qg3 Qxc2 24.Rc1 Qxa2 25.f5 exf5 
26.Bh6 g6 27.h4 Rfc8 28.h5 Qe6 29.Be3 c5 30.hxg6 
fxg6 31.Qf3 Qxe5 32.Bf4 Qe6 33.Be3 c4 34.Bd4 Bf6 
35.Bxf6 Qxf6 36.Rxc4 Qe6 0-1

[Event "HCL-C4013"]
[Site "www.playchess.de"]
[Date "2006.03.01"]
[Round "14"]
[White "Walter2"]
[Black "Milosforman"]
[WhiteElo "800"]
[BlackElo "937"]
[PlyCount "54"]
[Result "0-1"]

1.e4 c5 2.Nf3 d6 3.c3 Bg4 4.Qa4+ Qd7 5.Qxd7+ Nxd7 
6.h3 Bxf3 7.gxf3 e6 8.d4 cxd4 9.cxd4 g6 10.b4 Bg7 
11.Bb2 Ne7 12.Nd2 e5 13.Rc1 O-O 14.Rc7 Rfd8 15.Bb5 
Rac8 16.Rxd7 Rxd7 17.Bxd7 Rc7 18.Ba4 a6 19.O-O 
exd4 20.Rd1 b5 21.Bb3 g5 22.a4 Ng6 23.Nf1 Nf4 
24.Bxd4 Ne2+ 25.Kg2 Nxd4 26.Nd2 Nxb3 27.Nxb3 
Rc3 0-1

[Event "HCL-E1559"]
[Site "www.playchess.de"]
[Date "2006.03.01"]
[Round "2"]
[White "Maccdavid"]
[Black "One_i"]
[WhiteElo "1639"]
[BlackElo "1705"]
[PlyCount "41"]
[Result "0-1"]

1.e4 {Hello again and good luck.}  d5 {Hi, have a 
good game.}  2.exd5 Nf6 3.Be2 Qxd5 4.Nf3 Bf5 5.c4 
Qa5 6.Nc3 e6 7.O-O Bb4 8.Nd4 Bg6 9.Nb3 Qb6 10.d4 
c6 11.c5 Qc7 12.Bd2 Bxc3 13.Bxc3 O-O 14.Nd2 Nd5 
15.Qb3 Nxc3 16.bxc3 Nd7 17.Nc4 Nf6 18.Ne5 Rab8 
19.Nxg6 hxg6 20.a4 Ne4 21.Bd3 0-1

[Event "HCL-B3879"]
[Site "www.playchess.de"]
[Date "2006.03.01"]
[Round "14"]
[White "xmen"]
[Black "ulibear"]
[WhiteElo "1433"]
[BlackElo "1232"]
[PlyCount "46"]
[Result "0-1"]

1.e4 c6 2.d4 d5 3.exd5 cxd5 4.Nf3 Nc6 5.Bb5 Bd7 
6.Bxc6 Bxc6 7.Ne5 Rc8 8.Qh5 g6 9.Qh4 Bg7 10.Bf4 
Bf6 11.Qg3 Bxe5 12.Bxe5 f6 13.Bf4 Qa5+ 14.Bd2 Qb6 
15.Bc3 Kf7 16.Nd2 Nh6 17.b3 Nf5 18.Qf3 Nxd4 
19.Bxd4 Qxd4 20.Rb1 Qe5+ 21.Kd1 d4 22.Qg3 Qxg3 
23.hxg3 Bxg2 0-1

[Event "HCL-M869"]
[Site "www.playchess.de"]
[Date "2006.03.01"]
[Round "1"]
[White "jonaslo"]
[Black "Vince"]
[WhiteElo "1751"]
[BlackElo "1744"]
[PlyCount "56"]
[Result "0-1"]

1.e4 {Hi again, looking forward to a good game}  
e5 {I'm ready for Christmas,jonaslo...}  2.Nf3 Nf6 
3.Nc3 Nc6 4.Bb5 Bb4 5.O-O O-O 6.d3 d6 7.Bg5 Bxc3 
8.bxc3 Be6 9.d4 Ne7 10.Bxf6 gxf6 11.Nh4 d5 {Nobody 
joins us in this tournament,are they all on 
Christmas holidays???}  12.exd5 Bxd5 13.Bd3 {Happy 
new year to you!}  Qd7 14.Qh5 e4 15.Be2 Be6 16.f4 
Nf5 17.Nxf5 Bxf5 18.Qh4 Qc6 19.c4 Rad8 20.g4 Bc8 
21.c3 b5 22.c5 b4 23.g5 bxc3 24.gxf6 Kh8 25.Kf2 
Rxd4 26.Rfg1 Qxc5 27.Rg7 Rd1+ 28.Kg2 
Qg1+ 0-1

[Event "HCL-C4125"]
[Site "www.playchess.de"]
[Date "2006.03.01"]
[Round "1"]
[White "sonnyspock"]
[Black "nichju"]
[WhiteElo "1164"]
[BlackElo "1066"]
[PlyCount "63"]
[Result "1-0"]

1.e4 e6 2.d4 d5 3.Nc3 c6 4.Nf3 Bb4 5.Qd3 dxe4 
6.Qxe4 Nf6 7.Qd3 Nbd7 8.Bd2 O-O 9.O-O-O Ng4 10.Qe2 
b6 11.h3 Ngf6 12.Ne4 Nd5 13.Bxb4 Re8 14.Nd6 Re7 
15.Nxc8 Nxb4 16.Nxe7+ Qxe7 17.Kb1 c5 18.dxc5 Nxc5 
19.a3 Nc6 20.Qb5 Rd8 21.Rxd8+ Nxd8 22.Bc4 Ne4 
23.Rd1 Nxf2 24.Rd7 Qe8 25.Ne5 f6 26.Rxg7+ Kf8 
27.Rg8+ Kxg8 28.Qxe8+ Kg7 29.Qxd8 fxe5 30.Bxe6 Nd1 
31.Qxd1 e4 32.Qg4+ 1-0

[Event "HCL-B3799"]
[Site "www.playchess.de"]
[Date "2006.03.01"]
[Round "1"]
[White "ariel1978"]
[Black "MasterStefan"]
[WhiteElo "1332"]
[BlackElo "1241"]
[PlyCount "79"]
[Result "1/2-1/2"]

1.d4 d5 2.Nc3 Nf6 3.Bg5 e6 4.e4 Bb4 5.Bd3 Bxc3+ 
6.bxc3 h6 7.Bh4 g5 8.Bg3 dxe4 9.Bc4 O-O 10.Be5 
Nbd7 11.Ne2 Nxe5 12.dxe5 Qxd1+ 13.Rxd1 Nd7 14.Ng3 
Nxe5 15.Bb3 f5 16.O-O Re8 17.Nh5 Rf8 18.Rd4 Bd7 
19.Rxd7 Nxd7 20.Bxe6+ Kh8 21.Bxd7 Rad8 22.Be6 Rd6 
23.Bb3 Rc6 24.c4 a5 25.a4 b6 26.Rd1 Rg6 27.Rd7 Rc8 
28.Rf7 Rd6 29.h3 Rg6 30.Nf6 Rg7 31.Rxg7 Kxg7 
32.Nd7 Rd8 33.Ne5 c5 {(offering draw)}  34.g3 Kf6 
35.Nc6 Rd6 36.Na7 Rd7 37.Nb5 h5 38.Nc3 Ke5 39.Nd5 
Rd6 40.Kg2 {(offering draw)}  1/2-1/2

[Event "HCL-M868"]
[Site "www.playchess.de"]
[Date "2006.03.01"]
[Round "9"]
[White "Hassell"]
[Black "Still_Life"]
[WhiteElo "2307"]
[BlackElo "2082"]
[PlyCount "92"]
[Result "1/2-1/2"]

1.e4 {Hi, pleased to meet you.}  c6 {Hi there! 
Enjoy our game :-)) David}  2.d3 d5 3.Nd2 e5 
4.Ngf3 Bd6 5.Be2 Nf6 6.O-O O-O 7.c3 Nbd7 8.Re1 Re8 
9.a4 b6 10.Nf1 h6 11.Ng3 Qc7 12.Qc2 a5 13.Nh4 Nc5 
14.exd5 cxd5 15.Nhf5 Bd7 16.Be3 Bxf5 17.Nxf5 d4 
18.cxd4 exd4 19.Bxd4 Bxh2+ 20.Kh1 Qf4 21.Bf3 Qxf5 
22.Bxa8 Rxa8 23.Bxc5 Bf4 24.Be3 Qh5+ 25.Kg1 Qh2+ 
26.Kf1 Bxe3 27.fxe3 Rd8 28.d4 Ng4 29.Ra3 f5 30.Ke2 
f4 31.Qe4 Nxe3 32.Rc3 Nxg2 33.Qe6+ Kh8 34.Rh3 f3+ 
35.Kf2 Qf4 36.Rd1 Nh4 37.Qe3 Qg4 38.Rg3 Qxg3+ 
39.Kxg3 Nf5+ 40.Kxf3 Nxe3 41.Kxe3 g5 42.d5 Kg7 
43.Ke4 Kf6 44.Rh1 Kg6 45.Ke5 Re8+ 46.Kd6 Re2 
{(offering draw) Draw?}  1/2-1/2

[Event "HCL-E1561"]
[Site "www.playchess.de"]
[Date "2006.03.01"]
[Round "18"]
[White "Vinci"]
[Black "Abra"]
[WhiteElo "1561"]
[BlackElo "1503"]
[PlyCount "43"]
[Result "1-0"]

1.e4 {hi and nice game!}  e5 {Hello 
again,gg
}  2.Nf3 {hi and nice gameP}  d6 3.h3 Nf6 4.Nc3 h6 
5.d4 Nbd7 6.Be3 a6 7.Qd2 exd4 8.Nxd4 Be7 9.Nf5 Bf8 
10.O-O-O Ne5 11.f4 Nc6 12.g4 Bxf5 13.gxf5 Qe7 
14.Bg2 Na5 15.e5 dxe5 16.fxe5 Qxe5 17.Rhe1 Qxf5 
18.Bc5+ Be7 19.Rxe7+ Kf8 20.Qd8+ Rxd8 21.Rxd8+ Ne8 
{Congratulations.}  22.Rdxe8+ 1-0

[Event "HCL-M889"]
[Site "www.playchess.de"]
[Date "2006.03.01"]
[Round "6"]
[White "AJT"]
[Black "CaballoVerde"]
[WhiteElo "1945"]
[BlackElo "1781"]
[PlyCount "50"]
[Result "0-1"]

1.e4 {Best of luck}  e6 {Hello again.}  2.d4 {i 
expect a tough game again :)}  Nf6 {:)}  3.e5 Nd5 
4.Nf3 c5 5.c3 a6 6.Bc4 Nb6 7.Bd3 Nd5 8.dxc5 Bxc5 
9.O-O d6 10.Nbd2 dxe5 11.Nxe5 Qc7 12.Nef3 O-O 
13.Qc2 h6 14.Nb3 Bd6 15.Rd1 Rd8 16.Bh7+ Kh8 17.Be4 
Nf6 18.Kh1 Nbd7 19.Be3 Ng4 20.Bd4 e5 21.Be3 Ndf6 
22.Nbd2 Bc5 23.Nf1 Rxd1 24.Rxd1 Nxe4 25.Qxe4 
Bxe3 0-1

[Event "HCL-T256"]
[Site "www.playchess.de"]
[Date "2006.03.01"]
[Round "17"]
[White "manifold"]
[Black "BohdanL"]
[WhiteElo "1589"]
[BlackElo "1506"]
[PlyCount "82"]
[Result "0-1"]

1.e4 e5 2.f4 exf4 {hi, have a nice game}  3.Qg4 
{I´m pleased to meet you}  Qf6 4.Ne2 Bd6 5.d4 Nh6 
6.Qh5 Be7 7.Bxf4 Qh4+ 8.Qxh4 Bxh4+ 9.g3 Be7 
10.Nbc3 d6 11.Nd5 Na6 12.Bxh6 gxh6 13.Nef4 c6 
14.Bxa6 cxd5 15.Nxd5 bxa6 16.O-O-O Bg5+ 17.Kb1 Rb8 
18.h4 Bd8 19.Rhf1 Bb7 20.Rd3 Rf8 21.Rdf3 Bxd5 
22.exd5 Rb5 23.c4 Rb4 24.Re1+ Kd7 25.b3 a5 26.a3 
Rb8 27.c5 dxc5 28.dxc5 Rb5 29.Rc1 Be7 30.d6 Bd8 
31.a4 Rb4 32.Kb2 Kc6 33.Rf5 Rg8 34.Rc3 Rg6 35.Rxf7 
Bf6 36.d7 Bxc3+ 37.Kxc3 Rxg3+ 38.Kb2 Rbxb3+ 39.Kc2 
Rbc3+ 40.Kb2 Rcd3 41.Kc2 Rxd7 0-1

[Event "HCL-A2594"]
[Site "www.playchess.de"]
[Date "2006.03.01"]
[Round "8"]
[White "superyetkin"]
[Black "pop3dan"]
[WhiteElo "1316"]
[BlackElo "1659"]
[PlyCount "100"]
[Result "0-1"]

1.g3 Nf6 2.Bg2 d5 3.Nc3 c6 4.d3 e5 5.Bg5 Be7 6.e4 
d4 7.Nce2 h6 8.Bxf6 Bxf6 9.f4 Bg4 10.f5 Nd7 11.Bf3 
Bxf3 12.Nxf3 Qb6 13.b3 Qb4+ 14.Qd2 Qxd2+ 15.Nxd2 
Bg5 16.Nf3 Be3 17.Nd2 b5 {(offering draw)}  18.Nf1 
Bg5 19.h4 Be7 20.O-O-O Nf6 21.Nh2 h5 22.Kb2 a5 
23.c4 a4 24.Nc1 Kd7 25.Rd2 Bb4 26.Rg2 bxc4 27.bxc4 
Rhb8 28.Kc2 Bc3 29.Kd1 Rb1 30.Rf1 Rab8 31.Rff2 Ke7 
32.g4 Bb2 33.Rfc2 Nxe4 34.dxe4 d3 35.Rcxb2 R8xb2 
36.Rxb2 Rxb2 37.Nf3 hxg4 38.Nxe5 g3 39.Nf3 Rf2 
40.Ne1 d2 41.Ne2 dxe1Q+ 42.Kxe1 Rf3 43.Ng1 Re3+ 
44.Kf1 Rxe4 45.Kg2 Rxh4 46.Kxg3 Rxc4 47.Ne2 Rc2 
48.Nd4 Rxa2 49.Nxc6+ Kf6 50.Nd4 
Rb2 0-1

[Event "HCL-A2557"]
[Site "www.playchess.de"]
[Date "2006.03.01"]
[Round "18"]
[White "earlyrunner"]
[Black "scaper"]
[WhiteElo "1600"]
[BlackElo "1402"]
[PlyCount "64"]
[Result "1-0"]

1.d4 d5 2.c4 e6 3.Nc3 Nf6 4.Bg5 Be7 5.e3 Nbd7 
6.Nf3 h6 7.Bh4 g5 8.Bg3 c5 9.Rc1 a6 10.h3 Qa5 
11.a3 Ne4 12.Bh2 b5 13.cxd5 exd5 14.Nd2 Nxc3 
15.Rxc3 c4 16.Be2 b4 17.axb4 Bxb4 18.Rc2 Kf8 
19.O-O Kg7 20.Nxc4 dxc4 21.Bxc4 Bb7 22.Bb3 Rac8 
23.Qh5 Qf5 24.Rfc1 Rxc2 {in the meanwhile ...: it 
was a vrey nice mate trap from you: ... Nf6, and 
your Qf7#. my applause! ;-)}  25.Rxc2 Re8 26.Rc7 
Qb1+ 27.Qd1 Qe4 28.Qf3 Qb1+ 29.Qd1 Qxd1+ 30.Bxd1 
Bc8 31.Ba4 Re7 {he is back! :-) are you going 
well?}  32.Rxc8 Re8 {sorry about my last move ... 
;-( i wanted to play Rd8, don´t ask me why i did 
Re7 ?????? we had a nice game! perhaps i have too 
much stress at work, things happen. with my next 
move i´ll resign, so long! ;-) and good luck in 
your further games!}  1-0

[Event "HCL-B3895"]
[Site "www.playchess.de"]
[Date "2006.03.01"]
[Round "4"]
[White "munther"]
[Black "willi_weizenkeim"]
[WhiteElo "1461"]
[BlackElo "1012"]
[PlyCount "73"]
[Result "1/2-1/2"]

1.e4 b6 2.d4 Bb7 3.Nc3 e6 4.a3 d6 5.Nf3 Nf6 6.Bd3 
Be7 7.Qe2 O-O 8.Bd2 Nbd7 9.Nd1 c5 10.c3 e5 11.d5 
Rc8 12.Ne3 a6 13.a4 b5 14.axb5 axb5 15.Bxb5 Ra8 
16.O-O Nb6 17.Nf5 g6 18.Rxa8 Qxa8 19.Nxe7+ Kh8 
20.Bh6 Rb8 21.Ng5 Rf8 22.Bxf8 Qxf8 23.Nc6 Bxc6 
24.Bxc6 h6 25.Nf3 Qb8 26.Ra1 Kg7 27.Nd2 Qc7 28.Qb5 
Nc8 29.Ra6 Ne7 30.Qa4 g5 31.Ra7 Qb6 32.Rb7 Qd8 
33.Qa7 Nfg8 34.Rb8 Qxb8 35.Qxb8 f5 36.Qxd6 f4 
37.Qxe5+ {(offering draw)}  1/2-1/2

[Event "HCL-C4063"]
[Site "www.playchess.de"]
[Date "2006.03.01"]
[Round "1"]
[White "mudelta"]
[Black "Milosforman"]
[WhiteElo "1125"]
[BlackElo "878"]
[PlyCount "86"]
[Result "0-1"]

1.e4 {hi have a  nice game}  c5 2.Bc4 e6 3.Nc3 d6 
4.Nf3 Bd7 5.O-O a6 6.a4 Ne7 7.Ne2 Nbc6 8.c3 h6 
9.d4 cxd4 10.cxd4 d5 11.exd5 exd5 12.Bd3 Nf5 
13.Re1 Be7 14.Nf4 Nfxd4 15.Nxd5 Bg4 16.Nxe7 Nxe7 
17.Be4 Bxf3 18.Bxf3 Nxf3+ 19.Qxf3 O-O 20.Qg3 Rc8 
21.Bxh6 Ng6 22.Bg5 f6 23.Be3 Ne5 24.Bh6 Rc7 25.b4 
Qd3 26.Bf4 Qxg3 27.Bxg3 Rd8 28.h3 Rc4 29.b5 Nd3 
30.Red1 Rd5 31.Ra3 Nb4 32.Rxd5 Nxd5 33.bxa6 bxa6 
34.Kh2 f5 35.Rd3 Nb4 36.Rd8+ Kh7 37.Ra8 f4 38.Bh4 
f3 39.g3 Nd3 40.a5 Nxf2 41.Rxa6 Rc2 42.g4 Nxg4+ 
43.Kg3 f2 0-1

[Event "HCL-B3857"]
[Site "www.playchess.de"]
[Date "2006.03.01"]
[Round "1"]
[White "evets"]
[Black "googleforu"]
[WhiteElo "1392"]
[BlackElo "1187"]
[PlyCount "65"]
[Result "1-0"]

1.d4 d5 2.Nf3 Nc6 3.e3 Nf6 4.Nbd2 e6 5.Bd3 a6 
6.O-O Be7 7.Re1 b5 8.e4 dxe4 9.Nxe4 O-O 10.c3 Bb7 
11.Nxf6+ Bxf6 12.Qc2 g6 13.Bh6 Re8 14.Rad1 Bg7 
15.Bxg7 Kxg7 16.Ne5 Qg5 17.Nxc6 Bxc6 18.Be4 Bxe4 
19.Qxe4 c5 20.Qe5+ Qxe5 21.dxe5 c4 22.Rd6 Red8 
23.Red1 a5 24.R6xd8 {23..,rxr was forced}  Ra7 
25.R1d7 Rxd7 26.Rxd7 b4 27.cxb4 axb4 28.Rc7 c3 
29.bxc3 {Good Game!}  bxc3 30.Rxc3 Kf8 31.a4 Ke7 
32.a5 f5 33.a6 1-0

[Event "HCL-B3853"]
[Site "www.playchess.de"]
[Date "2006.03.01"]
[Round "27"]
[White "ulibear"]
[Black "Regicide"]
[WhiteElo "1232"]
[BlackElo "937"]
[PlyCount "23"]
[Result "1-0"]

1.d4 {good luck}  e6 {Thank you and likewise}  
2.c4 d5 3.Nf3 f6 4.cxd5 Qxd5 5.Nc3 Qh5 6.Qa4+ Bd7 
7.Qb3 Na6 8.e4 Ne7 9.Qxb7 Bc6 10.Qxa6 g5 11.Bb5 g4 
12.Bxc6+ 1-0

[Event "HCL-A2598"]
[Site "www.playchess.de"]
[Date "2006.03.01"]
[Round "6"]
[White "froilo"]
[Black "scotty4u"]
[WhiteElo "1463"]
[BlackElo "1289"]
[PlyCount "62"]
[Result "0-1"]

1.Nf3 Nc6 2.b3 e5 3.Bb2 d6 4.e4 Nf6 5.d3 g6 6.Be2 
Bd7 7.O-O Bg7 8.Nbd2 O-O 9.h3 Nh5 10.Nh2 Nf4 
11.Bg4 f5 12.exf5 Bxf5 13.Rb1 Qg5 14.Ndf3 Bxg4 
15.Nxg5 Bxd1 16.Rfxd1 Bh6 17.Nhf3 Rae8 18.Kh2 d5 
19.h4 Bxg5 20.hxg5 Rf5 21.Bc1 e4 22.Nh4 Rff8 
23.dxe4 Rxe4 24.f3 Re2 25.Kg3 Nh5+ 26.Kh3 Ne7 
27.Ba3 Nf4+ 28.Kg3 Nf5+ 29.Nxf5 Rxf5 30.Rdg1 Rxc2 
31.Rbe1 Ne2+ 0-1

[Event "HCL-E1505"]
[Site "www.playchess.de"]
[Date "2006.03.01"]
[Round "19"]
[White "Niedermayr"]
[Black "Toni76"]
[WhiteElo "2000"]
[BlackElo "1819"]
[PlyCount "77"]
[Result "1/2-1/2"]

1.Nf3 d5 {Hallo, viel Spass!}  2.b3 c5 3.e3 Nc6 
4.Bb5 Bd7 5.Bb2 Nf6 6.O-O a6 7.Bxc6 Bxc6 8.c4 e6 
9.d3 Be7 10.Nbd2 Qc7 11.Ne5 Bd6 12.f4 O-O-O 13.Rc1 
Kb8 14.Ndf3 h6 15.Qd2 Rhg8 16.Nxc6+ Qxc6 17.b4 
dxc4 18.bxc5 Bxc5 19.Rxc4 Qd5 20.Bd4 Nd7 21.Rfc1 
Bxd4 22.Nxd4 Rdc8 {Frohe Weihnachten!}  23.Qb4 
Rxc4 24.Qxc4 {nachträglich noch frohe Weihnachten} 
 Qxc4 25.Rxc4 Nb6 26.Rc2 Nd5 27.Kf2 Rc8 28.Rxc8+ 
{(offering draw)}  Kxc8 29.Nc2 b5 30.g3 a5 31.e4 
Nc3 32.a3 Kc7 33.Ke3 Kd6 34.d4 f6 35.Kd3 Na4 
36.Ne3 Nb6 37.Kc3 h5 38.Kb3 g6 39.Kc3 {(offering 
draw)}  1/2-1/2

[Event "HCL-E1573"]
[Site "www.playchess.de"]
[Date "2006.03.01"]
[Round "1"]
[White "alldrix"]
[Black "ippuli"]
[WhiteElo "1635"]
[BlackElo "1608"]
[PlyCount "55"]
[Result "1/2-1/2"]

1.e4 e5 2.Nc3 Nf6 3.Bc4 Bc5 4.Nf3 d6 5.d4 exd4 
6.Nxd4 Ng4 7.O-O O-O 8.Nb3 {i will move at another 
game as soon as i can translate that phrase :D}  
Bb6 9.h3 Ne5 10.Bd3 Qh4 {Kimppuun vaan, perkele!!} 
 11.Be3 {perkele sinä, kimppuun sinä! :)}  Bxe3 
12.fxe3 Qg3 {Jaaha, kokeillaan tämmöistä!}  13.Ne2 
{
ahhhh... mua väsyttää :)}  Qxe3+ {No niin muakin, 
oon yövuorossa....}  14.Kh2 {oh! mika pelko! :)}  
c5 {Nenhuma possibilidade}  15.Nd2 {tome cuidado}  
Nbc6 16.Nf3 c4 {Jaaha....}  17.Nxe5 {:'(}  Nxe5 
{Älä ole onneton!}  18.Nf4 {vai ter troco}  cxd3 
19.cxd3 f5 20.Qb3+ Kh8 21.Rae1 Nf3+ 22.Rxf3 Qxe1 
23.Qd5 {let's finish this game now? :)}  Bd7 
{How?}  24.Rg3 {i thought you're on line when i 
played my last move}  fxe4 {Actually I'm working 
and watching moves every time I can...}  25.Rxg7 
Qf2 26.Rxh7+ Kxh7 27.Qh5+ Kg7 {Look's like 
draw.... if you want!}  28.Qg6+ {(offering draw) 
it' s a draw, i dont have conditions to win since 
i lost my bishop}  1/2-1/2

[Event "HCL-A2543"]
[Site "www.playchess.de"]
[Date "2006.03.01"]
[Round "31"]
[White "bossjos"]
[Black "spongebobby"]
[WhiteElo "1202"]
[BlackElo "1273"]
[PlyCount "35"]
[Result "1-0"]

1.e4 e5 2.Nf3 Nc6 3.Bc4 Nf6 4.Ng5 d5 5.exd5 Nxd5 
6.Nxf7 Kxf7 7.Qf3+ Ke6 8.Nc3 Ncb4 9.a3 Nxc2+ 
10.Kd1 Nxa1 11.Nxd5 Kd6 12.d4 exd4 13.Re1 h5 14.h3 
c6 15.Bf4+ Kd7 16.Qe4 cxd5 17.Qxd5+ Bd6 
18.Qxd6+ 1-0

[Event "HCL-T256"]
[Site "www.playchess.de"]
[Date "2006.03.01"]
[Round "6"]
[White "stevetilbury"]
[Black "Grabanzito"]
[WhiteElo "1608"]
[BlackElo "1807"]
[PlyCount "40"]
[Result "0-1"]

1.e4 e5 2.f4 exf4 3.Nf3 g5 4.h4 g4 5.Ne5 Nf6 6.Bc4 
d5 7.exd5 Bd6 8.d4 O-O 9.O-O Nh5 10.Nxg4 Qxh4 
11.Nh2 Ng3 12.Re1 Bf5 13.Nd2 Nd7 14.Ndf3 Qh6 
15.Bd3 Rae8 16.Bxf5 Nxf5 17.Ne5 Nxe5 {Didn't you 
overlook something there ?}  18.Rxe5 {I think so - 
you shouldn't have asked, I would have played dxe5 
:-)}  Bxe5 {Yeah, I just never know when to shut 
up ;-))}  19.Qg4+ Kh8 20.dxe5 Qb6+ 0-1

[Event "HCL-C4082"]
[Site "www.playchess.de"]
[Date "2006.03.01"]
[Round "17"]
[White "spartan1"]
[Black "Mauro_R_Santos"]
[WhiteElo "928"]
[BlackElo "1627"]
[PlyCount "68"]
[Result "0-1"]

1.e4 e5 2.Nc3 Qf6 3.Nd5 Qd6 4.Bc4 c6 5.Nc3 b5 
6.Bb3 b4 7.Na4 Nf6 8.d3 Ba6 9.h3 c5 10.Nf3 c4 
11.dxc4 Nxe4 12.Qd5 Nc6 13.Be3 Nf6 14.Bc5 Qc7 
15.O-O Nxd5 16.Rfe1 e4 17.Rxe4+ Nde7 18.Bxe7 Bxe7 
19.Nc5 O-O 20.Nxa6 Qb7 21.Ba4 Qxa6 22.Bxc6 Qxc6 
23.Rxe7 g5 24.Nxg5 Qc5 25.Re4 Qxg5 26.Rae1 Kh8 
27.a3 Rfg8 28.g3 Qc5 29.a4 Rxg3+ 30.Kf1 Rxh3 {LETS 
TRY TO FINISH IT THIS AFTERNOON :?}  31.R1e3 {It 
doesn't  look like it will take you very long.  I 
will stay with it for at keast another hour.}  
Rh1+ 32.Kg2 Rg8+ 33.Kxh1 {A couple of nice moves 
on your part. Good game.}  Qh5+ {tanx ... your 
moves were nice too...}  34.Rh3 
Qxh3+ 0-1